Cuerpos fotografiados por Subercaseaux
Uloženo v:
| Korporativní autor: | |
|---|---|
| Médium: | Kniha |
| Jazyk: | španělština |
| Vydáno: |
Santiago
Taller Experimental Cuerpos Pintados
2004
|
| Vydání: | 1a. ed |
| Edice: | Fotografía, C10
|
| Témata: | |
| Tagy: |
Přidat tag
Žádné tagy, Buďte první, kdo vytvoří štítek k tomuto záznamu!
|
MARC
| LEADER | 00000cam a2200000 a 4500 | ||
|---|---|---|---|
| 001 | UCF2425 | ||
| 003 | CL-VaPUC | ||
| 008 | 120824e20040000CL |||||||||||||||||spa|d | ||
| 020 | |a 9562951693 | ||
| 082 | 0 | 4 | |a 778.9421 |b TAL |2 21 |
| 110 | 2 | |a Taller Experimental Cuerpos Pintados |e author |9 564061 | |
| 245 | 1 | 0 | |a Cuerpos fotografiados por Subercaseaux |
| 250 | |a 1a. ed | ||
| 300 | |a 178 p | ||
| 942 | |c BK | ||
| 945 | |d 20120824 00:00:00 |a dcastane | ||
| 260 | |a Santiago |b Taller Experimental Cuerpos Pintados |c 2004 | ||
| 500 | |a Fotografías de María Gracia Subercaseaux | ||
| 600 | 0 | 7 | |a SUBERCASEAUX, MARIA GRACIA |2 CL-VaPUC |9 564062 |
| 650 | 0 | |a Fotografías artísticas |9 535989 | |
| 650 | 7 | |a DESNUDO EN EL ARTE |2 CL-VaPUC |9 444355 | |
| 583 | |a last modification |c 20120824 12:41:00 |k Rodrigo Vera | ||
| 490 | 0 | |a Fotografía, C10 | |
| 999 | |c 348988 |d 348986 | ||
| 952 | |0 0 |1 0 |4 0 |6 778_942100000000000_TAL_2004 |7 0 |8 F |9 451353 |a BIBARQ |b BIBARQ |d 2019-11-22 |i 4895983 |o 778.9421 TAL 2004 |p 4895983 |r 2025-01-20 |w 2019-11-22 |y BK_F |k ARQ | ||